000 00329 a2200157 4500
001 176154
020 _a
040 _cMagnum
100 _aJimenez, Felipe Pedraza
240 1 0 _aVamos a hablar/v.1
_lESP
245 1 0 _aVamos a hablar/v.1
362 0 _a1899
440 1 _aÁtica
697 _aMAGNITO: ESPANHOL
942 _cBK
999 _c176154
_d176154